000 00300 a2200145 4500
001 61025
020 _a
040 _cAnchieta - Pituba
240 1 0 _aÁlvares de Azevedo
_lpor
245 1 0 _aÁlvares de Azevedo
300 _a112
362 0 _a1982
650 4 _aLiteratura brasileira
942 _cBK
999 _c61025
_d61025